Score 0/64 Timer 12:00
0 Plays Today
Codon Amino acid % Correct
UUUPhenylalanine
88.1%
UUCPhenylalanine
85.8%
UUALeucine
82.2%
UUGLeucine
81.3%
UAGAmber (stop)
78.1%
UAAOchre (stop)
77.6%
UCUSerine
76.3%
UCCSerine
75.8%
UCGSerine
75.8%
UCASerine
75.3%
UACTyrosine
74.4%
UAUTyrosine
74%
AUGMethionine/Start
74%
UGAOpal (stop)
73.1%
UGCCysteine
70.8%
CCAProline
70.8%
UGUCysteine
69.9%
UGGTryptophan
69.9%
CCGProline
69.9%
CCCProline
69.4%
CCUProline
68.5%
CAUHistidine
68%
CACHistidine
67.6%
AUAIsoleucine
67.6%
AUUIsoleucine
66.7%
AUCIsoleucine
66.2%
CUULeucine
65.8%
CUCLeucine
65.8%
CUGLeucine
65.3%
CUALeucine
64.8%
CAGGlutamine
64.8%
CAAGlutamine
64.4%
Codon Amino acid % Correct
AAALysine
64.4%
GGGGlycine
64.4%
AAUAsparagine
63.9%
GGUGlycine
63.9%
GGAGlycine
63.9%
GGCGlycine
63.5%
ACCThreonine
63%
AAGLysine
62.6%
AGUSerine
62.6%
AGCSerine
62.6%
ACGThreonine
62.1%
AGGArginine
62.1%
ACUThreonine
61.6%
ACAThreonine
61.6%
AACAsparagine
61.6%
AGAArginine
61.6%
GCUAlanine
61.6%
GCGAlanine
61.6%
GAUAspartic acid
61.6%
GUUValine
61.2%
GUAValine
61.2%
GCAAlanine
61.2%
GAAGlutamic acid
61.2%
CGCArginine
60.7%
GCCAlanine
60.7%
GAGGlutamic acid
60.7%
CGUArginine
60.3%
CGGArginine
60.3%
GUCValine
60.3%
GUGValine
60.3%
CGAArginine
59.8%
GACAspartic acid
59.8%
Come Together.
Have Fun.
All Virtual.
We all need to come together. Play Sporcle's virtual live trivia to have fun, connect with people, and get your trivia on. Join a live hosted trivia game for your favorite pub trivia experience done virtually. If a virtual private party is more your thing, go here for details.

You're not logged in!

Compare scores with friends on all Sporcle quizzes.
OR
Log In

Sporcle TV

Today on Sporcle TV


Watch our educational content, quiz creation guides, and fun videos on Sporcle TV.

Show Comments

Extras

Top Quizzes Today


Score Distribution

Paid Content

Your Account Isn't Verified!

In order to create a playlist on Sporcle, you need to verify the email address you used during registration. Go to your Sporcle Settings to finish the process.

Report this User

Report this user for behavior that violates our Community Guidelines.

Details: